Guess the Footballers by their Teams #14 - Statistics

General Stats
  • This quiz has been taken 211 times
  • The average score is 8 of 10
Answer Stats
Hint Answer % Correct
2008-. Genk, Chelsea, Werder Bremen (loan), VfL Wolfsburg, Manchester City, Belgium. Kevin De Bruyne
100%
1964-1984. Ajax, Barcelona, Los Angeles Aztecs, Washington Diplomats, Levante, Ajax, Feyenoord, Netherlands. Johan Cruyff
94%
2016-. Whitecaps FC 2, Vancouver Whitecaps FC, Bayern Munich II, Bayern Munich, Canada. Alphonso Davies
91%
1997-2019. Barcelona B, Barcelona, Al Sadd, Spain. Xavi
91%
2012-. Heerenveen, Twente, Ajax, Chelsea, Morocco. Hakim Ziyech
83%
2004-2021. Marsonia, NK Zagreb, Dinamo Zagreb, VfL Wolfsburg, Bayern Munich, Atletico Madrid, Juventus, Al-Duhail, AC Milan, Croatia. Mario Mandzukic
79%
1990-2009. Skoda Plzen, Dukla Prague (loan), Sparta Prague, Lazio, Juventus, Czech Republic. Pavel Nedved
78%
2007-. Twente, Inter Milan (loan), Werder Bremen, Stoke City, West Ham United, Shanghai Port, Bologna, Austria. Marko Arnautovic
74%
2009-2020. Mainz 05, Bayer Leverkusen, Chelsea, VfL Wolfsburg, Borussia Dortmund, Fulham (loan), Spartak Moscow (loan), Germany. Andre Schurrle
67%
1975-1995. Tottenham Hotspur, Monaco, Swindon Town, Chelsea, England. Glenn Hoddle
29%
No matching quizzes found
Score Distribution
Percent of People with Each Score
Percentile by Number Answered
Your Score History
You have not taken this quiz